Countries ending in "land" or "lands" - Statistics

General Stats
  • This quiz has been taken 256 times
  • The average score is 5 of 10
Answer Stats
Answer % Correct
netherlands
77%
iceland
75%
finland
70%
ireland
66%
poland
59%
new zealand
52%
thailand
50%
solomon islands
25%
greenland
23%
marshall islands
22%
No matching quizzes found
Score Distribution
Percent of People with Each Score
Percentile by Number Answered
Your Score History
You have not taken this quiz